000 00335 a2200157 4500
001 192538
020 _a978-0-521-67478-2
040 _cMagnum
100 _aHayes, Rosemary
240 1 0 _aThe peace ring
_lpor
245 1 0 _aThe peace ring
300 _a32
362 0 _a2005
697 _aLITERATURA INFANTIL INGLESA
942 _cBK
999 _c192538
_d192538